| 000 | 00859nam a2200277 i 4500 | ||
|---|---|---|---|
| 001 | 11484 | ||
| 003 | ES-MaACL | ||
| 005 | 20230906150118.0 | ||
| 007 | t| | ||
| 008 | 921014s1992 sp a |||| | spa j | ||
| 020 | _a84-7100-425-9 | ||
| 080 | _a930.85(=98:861) | ||
| 100 | 1 |
_aChaves Mendoza, Alvaro. _938273 |
|
| 245 | 1 | 4 |
_aLos indios de Colombia / _cAlvaro Chaves Mendoza, Jorge Morales Gómez, Horacio Calle Restrepo. |
| 260 |
_aMadrid : _bMAPFRE, _cD.L. 1992. |
||
| 300 |
_a349 p. : _bil. ; _c23 cm. |
||
| 490 | 1 |
_aIndios de América ; _v5 |
|
| 500 | _aÍndice. | ||
| 504 | _aBibliografía: p. [325]-337. | ||
| 650 | 1 | 4 |
_aIndios de Colombia. _9169149 |
| 700 | 1 |
_aMorales G., Jorge. _983036 |
|
| 700 | 1 |
_aCalle Restrepo, Horacio. _933707 |
|
| 830 | 0 |
_aIndios de América ; _v5 _9179126 |
|
| 852 |
_aES-MaACL _jL-18809 |
||
| 999 |
_c11484 _d11484 |
||